Statistics for Countries with Nuclear Weapons

Click here to take the quiz!

General Stats

  • This quiz has been taken 28 times
  • The average score is 8 of 9

Answer Stats

Number of WarheadsAnswer% Correct
6,247Russia
100%
290France
96%
225United Kingdom
96%
350China
93%
160India
93%
5,550United States
93%
45North Korea
89%
165Pakistan
89%
90Israel
85%

Score Distribution

Percentile by Number Answered

Percent of People with Each Score

Your Score History

You have not taken this quiz